00000000nam##2200000za#4500
0019.577227
003CaOODSP
00520210624185519
007cr |||||||||||
008150406|2013||||xxc|||||o    f|0| 0 eng|d
022 |a1920-6593
040 |aCaOODSP|beng
043 |an-cn---
0861 |aA74-2/2011-19E-PDF
1101 |aCanada. |bAgriculture and Agri-Food Canada. |bInternational Markets Bureau.
24514|aThe Indonesian consumer - behaviour, attitudes and perceptions toward food products |h[electronic resource]
260 |aOttawa - Ontario : |bAgriculture and Agri-Food Canada. |cJanuary 2011.
300 |a28p.|bfigs., graphs, references, tables, photographs
4901 |aMarket analysis report |x1920-6593
590 |a13-20-Supp|b2013-08-30
77508|tLes consommateurs indonésiens - comportements, attitudes et perceptions à l'égard des produits alimentaires |w(CaOODSP)9.606022
830#0|aMarket analysis report,|x1920-6593|w(CaOODSP)9.506379
85640|ahttp://publications.gc.ca|qPDF|s4.20 MB|uhttps://publications.gc.ca/collections/collection_2013/aac-aafc/A74-2-2011-19-eng.pdf
986 |aAAFC No. 11297E